• 首页
  • 本馆介绍
  • 公告通知
  • 最新文献
  • 馆藏检索
  • 电子资源
  • 读者导购
  • 参考咨询
  • 我的图书馆
  • 登录
  • 详细信息显示
  • 放入我的书架
  • 预约/预借图书
  • 作者相关作品
  • 分类相关作品
  • 丛书相关作品
  • 出版社相关作品

书目信息

  • 表格格式
  • 工作单格式
  • 卡片格式
题名:
78种健康香草栽培
    
 
作者: 宫野弘司 著 ;刘京梁 译
分册:  
出版信息: 北京   中国建材工业出版社  2004
页数: 218页
开本: 20cm
丛书名:
单 册:
中图分类: S573.04
科图分类:
主题词: 香料作物--栽培 , 作物
电子资源:
ISBN: 7-80159-547-5
000 00879nam0 2200253 45
001 002648376
005 20050401112502.8
010    @a7-80159-547-5@dCNY26.80
100    @a20040521d2004 em y0chiy0110 ea
101 1  @achi@cjpn
102    @aCN@b110000
105    @aa z 000yy
200 1  @a78种健康香草栽培@A78 zhong jian kang xiang cao zai pei@e赏识香草的独特气质 品位香草的迷人魅力@f(日)宫野弘司著@F(Ri)Gong Ye Hong Si Zhu@g刘京梁译
210    @a北京@c中国建材工业出版社@d2004
215    @a218页@c彩图@d20cm
300    @a休闲生活DIY
330    @a本书以图文并茂的形式、运用浅显易懂的文字、介绍了橄榄、迷迭香、薰衣草等78种香草的特征、种植以及生活中的利用方法。
606 0  @a香料作物@x栽培
606 0  @a作物
690    @aS573.04@v4
701  0 @a宫野弘司@4著
702  0 @a刘京梁@ALiu Jing Liang@4译
801  0 @aCN@bNLC@c20040608
905    @b347280-284@dS573.04@e16@f5
    
    78种健康香草栽培:赏识香草的独特气质 品位香草的迷人魅力/(日)宫野弘司著/刘京梁译.-北京:中国建材工业出版社,2004
    218页:彩图;20cm
    休闲生活DIY
    
    ISBN 7-80159-547-5:CNY26.80
    本书以图文并茂的形式、运用浅显易懂的文字、介绍了橄榄、迷迭香、薰衣草等78种香草的特征、种植以及生活中的利用方法。
●
相关链接 在E读中查询图书 在五车中查询图书 在当当中查询图书 在豆瓣中查询图书


正题名:78种健康香草栽培     索取号:S573.04/16         预约/预借

序号 登录号 条形码 馆藏地/架位号 状态 备注
1 0347280   203472802   第二样本阅览室/ [索取号:S573.04/16] 在馆    
2 0347281   203472811   第三借阅区/ [索取号:S573.04/16] 在馆    
3 0347282   203472820   第三借阅区/ [索取号:S573.04/16] 在馆    
4 0347283   203472839   第三借阅区/ [索取号:S573.04/16] 在馆    
5 0347284   203472848   第三借阅区/ [索取号:S573.04/16] 在馆    
唐山师范学院图书馆 欢迎您!
大连网信软件有限公司© 版权所有